000
00290nam a2200133Ia 4500
008
231017s9999 xx 000 0 und d
082
_a
620.136
082
_b
ACI
245
0
_a
Basics of Concrete Materials & Testing
245
0
_c
ACI
260
_b
ACI
300
_c
30cm
942
_c
REP
999
_c
603916
_d
603916